| 000 | 00504nam a2200157Ia 4500 | ||
|---|---|---|---|
| 003 | SGT | ||
| 020 | _a9789351190806 | ||
| 082 |
_a6.7 _bBLA |
||
| 100 | _aBlack Book | ||
| 245 | _aASP.NET 4.5 | ||
| 260 |
_bDreamtech Press _aNew Delhi _c2013 |
||
| 300 | _a1363p. | ||
| 650 | _aCOMPUTER SCIENCE | ||
| 653 | _aASP.NET 4.5 ESSENTIALS, DEVELOPING A WEB APPLICATION, APPLICATION STRUCTURE AND STATE, WEB FORMS:TREEVIEW,MENU,SITEMAPPATH, VALIDATION CONTROLS, INTRODUCING WEB PARTS CONTROLS | ||
| 942 |
_2ddc _cBK _01 |
||
| 999 |
_c5543 _d5543 |
||